域内に20駅以上所在する市区町村 - Statistics

General Stats
  • This quiz has been taken 144 times
  • The average score is 45 of 73
Answer Stats
地方 都道府県 市区町村 駅数 % Correct
関東 東京都 新宿区 31
88%
関東 東京都 品川区 26
86%
関東 東京都 大田区 40
85%
関東 東京都 港区 34
84%
関東 東京都 千代田区 27
83%
関東 東京都 中央区 22
83%
関東 東京都 江東区 28
83%
関東 東京都 世田谷区 39
83%
関東 東京都 足立区 24
83%
関東 東京都 北区 20
81%
関東 東京都 豊島区 23
80%
北海道 北海道 函館市 29
79%
東北 宮城県 仙台市青葉区 25
78%
北海道 北海道 札幌市中央区 36
77%
関東 東京都 荒川区 20
77%
関東 栃木県 宇都宮市 23
76%
四国 愛媛県 松山市 59
73%
関東 千葉県 船橋市 30
72%
中部 富山県 富山市 75
71%
中部 愛知県 豊橋市 30
71%
四国 香川県 高松市 47
71%
東北 福島県 福島市 22
70%
四国 高知県 高知市 68
70%
中部 石川県 金沢市 21
69%
関東 東京都 八王子市 22
68%
九州 長崎県 長崎市 44
68%
九州 鹿児島県 鹿児島市 56
68%
中部 福井県 福井市 46
67%
近畿 兵庫県 姫路市 31
65%
中部 富山県 高岡市 30
64%
中部 長野県 長野市 20
64%
近畿 三重県 四日市市 36
63%
中国 岡山県 岡山市北区 31
63%
中国 岡山県 倉敷市 24
63%
中国 広島県 広島市中区 36
63%
中国 山口県 山口市 28
63%
近畿 三重県 津市 33
62%
中国 山口県 岩国市 26
62%
中部 長野県 松本市 20
61%
近畿 滋賀県 大津市 44
61%
関東 千葉県 松戸市 20
60%
中部 愛知県 豊田市 25
59%
近畿 大阪府 大阪市北区 23
59%
近畿 兵庫県 神戸市中央区 30
59%
近畿 京都府 京都市右京区 26
57%
近畿 兵庫県 西宮市 22
57%
中国 山口県 下関市 21
57%
九州 宮崎県 宮崎市 21
57%
近畿 京都府 京都市左京区 24
56%
関東 神奈川県 横須賀市 21
54%
近畿 和歌山県 和歌山市 31
54%
九州 熊本県 熊本市中央区 31
54%
中国 広島県 広島市南区 21
53%
九州 長崎県 佐世保市 28
52%
九州 福岡県 久留米市 25
51%
関東 神奈川県 川崎市川崎区 20
50%
中部 富山県 黒部市 23
50%
近畿 京都府 京都市伏見区 23
50%
近畿 大阪府 東大阪市 27
50%
中国 広島県 広島市安佐南区 22
50%
中部 新潟県 上越市 20
48%
近畿 兵庫県 神戸市北区 21
48%
中国 島根県 出雲市 26
47%
近畿 大阪府 堺市堺区 21
46%
九州 福岡県 福岡市東区 22
45%
近畿 三重県 伊賀市 22
43%
関東 千葉県 市原市 27
41%
近畿 大阪府 大阪市西成区 20
38%
東北 岩手県 宮古市 21
35%
中部 静岡県 浜松市浜名区 22
35%
関東 栃木県 日光市 28
34%
中部 岐阜県 郡上市 23
29%
東北 秋田県 北秋田市 22
28%
No matching quizzes found
Score Distribution
Percent of People with Each Score
Percentile by Number Answered
Your Score History
You have not taken this quiz